Skip to content
Your Account
Log Out
Login
Language
English
Deutsch
Español
Français
Italiano
日本語
Nederlands
Português
Português (Brasil)
中文(简体)
中文(繁體)
Türkçe
עברית
Gaeilge
Cymraeg
Ελληνικά
Català
Euskara
Русский
Čeština
Suomi
Svenska
polski
Dansk
slovenščina
اللغة العربية
বাংলা
Galego
Tiếng Việt
Hrvatski
हिंदी
All Fields
Title
Author
Subject
Call Number
ISBN/ISSN
Tag
Find
Advanced
Bilan économique et social 19...
Staff View
Cite this
Email this
Print
Export Record
Export to RefWorks
Export to EndNoteWeb
Export to EndNote
Export to MARC
Export to MARCXML
Export to RDF
Export to BibTeX
Export to RIS
Save to List
Bilan économique et social 1987
Saved in:
Bibliographic Details
Format:
Book
Language:
Undetermined
Published:
Paris
IDA LLefèbre
1987
Subjects:
economics
Tags:
Add Tag
No Tags, Be the first to tag this record!
Institutions:
Trung tâm Học liệu Trường Đại học Cần Thơ
Holdings
Description
Comments
Similar Items
Staff View
LEADER
00407nam a2200157Ia 4500
001
CTU_25867
008
210402s9999 xx 000 0 und d
082
|a
330.02
082
|b
B595
245
0
|a
Bilan économique et social 1987
260
|a
Paris
260
|b
IDA LLefèbre
260
|c
1987
650
|a
economics
904
|i
Minh, 980930
980
|a
Trung tâm Học liệu Trường Đại học Cần Thơ
Similar Items
Santé et reformes économiques
by: OMS
Recherche et activité économique
by: Perroux, Francois
Published: (1969)
Union soviétique et développement économique
by: Chambre, Henri
Published: (1967)
Politique des investissements et calcul économique :
by: Jean-Michel Collette
Published: (1965)
Les relations economiques du marche commun et du Japon
by: Monloup, Madeleine
Published: (1969)
Loading...